[Event "Pan American-ch School U13 12th"]
[Site "Callao"]
[Date "2023.10.21"]
[Round "9"]
[White "Coaquira Gonzales, Oscar Adriano"]
[Black "Gomez Jalixto, Matthew Yahir"]
[Result "1-0"]
[WhiteElo "1274"]
[BlackElo "1086"]
[PlyCount "61"]
[EventDate "2023.10.16"]
[EventType "swiss"]
[EventRounds "9"]
[EventCountry "PER"]
[SourceTitle "Mega2024 Update 01"]
[Source "Chessbase"]
[SourceDate "2023.11.12"]
[SourceVersion "1"]
[SourceVersionDate "2023.11.12"]
[SourceQuality "1"]

1. d4 Nf6 2. Nf3 e6 3. g3 d5 4. Bg2 Be7 5. 0-0 0-0 6. c4 c6 7. Nbd2 Nbd7 8. b3 Re8 9. Bb2 h6 10. Re1 Ne4 11. Nxe4 dxe4 12. Nd2 f5 13. a3 g5 14. Nf1 Nf6 15. f3 b5 16. fxe4 Nxe4 17. Bxe4 fxe4 18. Nd2 bxc4 19. bxc4 Qb6 20. Rb1 Qa6 21. Nxe4 Qxc4 22. e3 Qd5 23. Nc3 Qa5 24. Qh5 Bd7 25. Qg6+ Kh8 26. Qxh6+ Kg8 27. Qg6+ Kh8 28. d5 cxd5 29. Nxd5+ e5 30. Bxe5+ Bf6 31. Bxf6# 1-0

[Event "Pan American-ch School U13 12th"]
[Site "Callao"]
[Date "2023.10.20"]
[Round "8"]
[White "Gomez Jalixto, Matthew Yahir"]
[Black "Espiritu, Laureano Pier David"]
[Result "1-0"]
[WhiteElo "1086"]
[BlackElo "1181"]
[PlyCount "45"]
[EventDate "2023.10.16"]
[EventType "swiss"]
[EventRounds "9"]
[EventCountry "PER"]
[SourceTitle "Mega2024 Update 01"]
[Source "Chessbase"]
[SourceDate "2023.11.12"]
[SourceVersion "1"]
[SourceVersionDate "2023.11.12"]
[SourceQuality "1"]

1. Nf3 Nf6 2. d4 d5 3. c4 e6 4. Nc3 c6 5. Bf4 dxc4 6. a4 Bb4 7. Qc2 Nd5 8. Bg5 f6 9. Bd2 c5 10. e4 cxd4 11. Nxd4 Bxc3 12. bxc3 Nb4 13. cxb4 Qxd4 14. Bc3 Qb6 15. Bxc4 Nc6 16. a5 Qc7 17. Qb3 Qf4 18. Bd3 Qd6 19. Rd1 Bd7 20. 0-0 h6 21. e5 Qe7 22. exf6 gxf6 23. b5 1-0

[Event "Pan American-ch School U13 12th"]
[Site "Callao"]
[Date "2023.10.18"]
[Round "5"]
[White "Estrada Cantaro, Andre Fabio"]
[Black "Gomez Jalixto, Matthew Yahir"]
[Result "1-0"]
[WhiteElo "1292"]
[BlackElo "1086"]
[PlyCount "67"]
[EventDate "2023.10.16"]
[EventType "swiss"]
[EventRounds "9"]
[EventCountry "PER"]
[SourceTitle "Mega2024 Update 01"]
[Source "Chessbase"]
[SourceDate "2023.11.12"]
[SourceVersion "1"]
[SourceVersionDate "2023.11.12"]
[SourceQuality "1"]

1. e4 e6 2. d4 d5 3. Nc3 Nf6 4. Bg5 Be7 5. e5 Nfd7 6. Bxe7 Qxe7 7. f4 a6 8. Nf3 c5 9. Qd2 Nc6 10. dxc5 Nxc5 11. Bd3 b5 12. 0-0 Nxd3 13. Qxd3 h6 14. Kh1 0-0 15. a3 f5 16. exf6 Qxf6 17. Rae1 Bd7 18. Ne5 Nxe5 19. fxe5 Qe7 20. h3 b4 21. axb4 Qxb4 22. Nxd5 Qc5 23. Nf6+ gxf6 24. Qg6+ Kh8 25. Qxh6+ Kg8 26. Qg6+ Kh8 27. exf6 Rf7 28. Qxf7 Qf8 29. Qh5+ Kg8 30. f7+ Kg7 31. Qg5+ Kh7 32. Rf6 Qg7 33. Qh5+ Qh6 34. Qxh6# 1-0

[Event "Pan American-ch U08"]
[Site "Guayaquil"]
[Date "2019.07.26"]
[Round "8"]
[White "Polanco Fernandez, Sahiean"]
[Black "Gomez Jalixto, Matthew Yahir"]
[Result "0-1"]
[WhiteElo "1445"]
[BlackElo "1008"]
[PlyCount "42"]
[EventDate "2019.07.21"]
[EventType "swiss"]
[EventRounds "9"]
[EventCountry "ECU"]
[SourceTitle "EXT 2020"]
[Source "ChessBase"]
[SourceDate "2019.10.17"]
[SourceVersion "1"]
[SourceVersionDate "2019.10.17"]
[SourceQuality "1"]

1. e4 e6 2. d4 d5 3. exd5 Qxd5 4. Nc3 Qd8 5. Nf3 Nf6 6. Bc4 c5 7. 0-0 Be7 8. dxc5 0-0 9. Be3 Nc6 10. Qxd8 Rxd8 11. Rad1 e5 12. Rxd8+ Bxd8 13. Ng5 Kf8 14. Nxf7 Na5 15. Nxe5 Bc7 16. b4 Bxe5 17. bxa5 Bxc3 18. Rd1 Bxa5 19. f4 Ng4 20. Bd4 Bf5 21. c3 Rd8 0-1